Представление документа в формате MARC21

Поле Инд. ПП Название Значение
Тип записи a
Библиографический уровень m
001 _ Контрольный номер RU\infra-m\znanium\bibl\1212426
005 _ Дата корректировки 20250915104118.7
008 Кодируемые данные 201016s2020 RU g rus u
020 a ISBN 978-5-98704-127-9
040 a Служба первич. каталог. Общество с ограниченной ответственностью «ЗНАНИУМ»
041 a Код языка текста rus
044 a Код страны публикации RU
084 2 Источник индекса okso
a Индекс другой классификации/Индекс ББК 38.03.02
084 2 Источник индекса okso
a Индекс другой классификации/Индекс ББК 39.03.01
084 2 Источник индекса okso
a Индекс другой классификации/Индекс ББК 45.03.02
084 2 Источник индекса okso
a Индекс другой классификации/Индекс ББК 45.03.03
084 2 Источник индекса okso
a Индекс другой классификации/Индекс ББК 51.03.01
084 2 Источник индекса okso
a Индекс другой классификации/Индекс ББК 37.03.01
084 2 Источник индекса okso
a Индекс другой классификации/Индекс ББК 42.03.01
100 1_ a Автор Персикова Тамара Николаевна
q Полное имя Тамара Николаевна
245 a Заглавие Межкультурная коммуникация и корпоративная культура
b Продолж. заглавия Учебное пособие
c Ответственность Дипломатическая академия Министерства иностранных дел Российской Федерации
260 a Место издания Москва
b Издательство Издательская группа "Логос"
c Дата издания 2020
300 a Объем 224 с.
520 a Аннотация Рассмотрены вопросы межкультурной коммуникации в многонациональной деловой среде. Впервые в отечественной учебной литературе представлен наиболее полный анализ всех аспектов корпоративной культуры: истории, уровней, факторов, влияющих на ее становление, стадий формирования и поддержания, типологии. Особое внимание уделено анализу процесса вхождения в новую корпоративную культуру, что актуально для специалистов, начинающих работать в иностранных компаниях и фирмах.
521 a Примеч. о целев. назн. ВО - Бакалавриат
650 a Основная рубрика Управление (менеджмент)
x Основная подрубрика Корпоративная (организационная) культура
852 x Примечание, не предназначенное для пользователя znanium2022
856 4_ a Имя сервера/домена znanium.com
m Помощь ebs_support@infra-m.ru
n Местонахождение сервера НИЦ ИНФРА-М
u URL http://znanium.com/catalog/document?id=367443
z Примечание для пользователя Участвует в КО
856 41 a Имя сервера/домена znanium.com
d Путь /cover/1212
f Электронное имя 1212426.jpg
q Тип электронного формата image/jpeg
u URL https://znanium.com/cover/1212/1212426.jpg